Riconosci l'Anno dagli eventi - Quiz n°42 - Statistics

Statistiche generali
  • Questo quiz è stato fatto 13 volte
  • Il punteggio medio è 7 su 8
Statistiche sulle risposte
Indizio Risposta % Corretto
B Leon Battista Alberti promuove a Firenze il Certame coronario, un cimento poetico in volgare toscano con tema sull'amicizia. Sempre in quest'anno L.B. Alberti conclude la sua opera più conosciuta Della famiglia la quale, nell'idea dell'autore, vuole promuovere il nucleo familiare come il modello per la vita civile di ogni cittadino equilibrato.
100%
C Pace di Cremona fra Milano e Venezia.
100%
D Papa Eugenio IV cede Sansepolcro alla repubblica di Firenze.
100%
A Viene fondato il King's College dell'Università di Cambridge.
100%
G Alfonso V d'Aragona assedia Napoli.
92%
F Carlo VII di Francia strappa agli Inglesi la Champagne-Ardenne.
92%
E Viene servito il primo torrone al matrimonio tra Francesco Sforza e Bianca Maria Visconti.
83%
Anno 1441
8%
Nessun quiz corrispondente trovato
Distribuzione punteggi
Percentuale di utenti per punteggio
Percentile per numero di risposta
I tuoi punteggi nel tempo
Non hai fatto questo quiz